000
00227 a2200097 4500
001
20328
100
_a
Rusk R D
245
_a
Introduction to atomic & nuclear physics
260
_a
_b
Iliffe Books Ltd
_c
090
_c
14819
_d
14819
942
_a
NUST-CAE
_c
M
_c
5357
999
_c
255401
_d
255401